000 00649nam a2200205Ia 4500
003 GCL
008 140319s9999 xx 000 0 ara d
040 _aGCL /
_cGCL
082 0 4 _a791.347
_bص س
100 1 _aمدكور ثابت
245 1 0 _aالسينما العربية خارج الحدود /
_cمدكور ثابت
700 1 _aصلاح هاشم
700 1 _aوزارة الثقافة المركز القومى
300 _a433 ص
490 _aملفات السينما
_v0
650 0 4 _aالممثلون والممثلات
650 0 4 _aالسينما العربية
650 0 4 _aالافلام العربية
942 _2ddc
_cBK
999 _c52328
_d52328